000 00615nam a2200241Ia 4500
003 OSt
005 20220918214623.0
006 a|||||r|||| 00| 0
007 ta
008 220917b |||||||| |||| 00| 0 eng d
024 _a138,338
037 _cTextual
040 _aARTS
_cARTS
_beng
041 _2eng
_aeng
082 _aY, M0
100 _aKenkel William F
_9131979
245 0 _aSociety in action
_b introduction to sociology
250 _a2nd
260 _aN.Y
_bharper and Row
_c1980
650 _aSOCIOLOGY
942 _hY, M0
_cTEXL
_2CC
999 _c261389
_d261389